000 00709nam a2200217 i 4500
001 125362
003 ES-MaACL
005 20230906192619.0
007 t|
008 070606q19151925sp ||||1| spa d
080 _a613.95
100 1 _aTerreros, Carlos S. de los.
_9109786
245 1 0 _aDesarrollo e higiene del niño desde el comienzo de la segunda infancia /
_cpor el Dr. Carlos S. de los Terreros.
260 _aMadrid :
_bRenacimiento,
_c[entre 1915 y 1925]
300 _a252 p. ;
_c18 cm.
490 1 _aLa salud de nuestros hijos ;
_vV
650 _aNiños-
_xSalud e higiene.
_915557
830 0 _aLa salud de nuestros hijos ;
_vV
_9186632
852 _aES-MaACL
_jF-690
999 _c125362
_d125362